LEADER 01064nam a2200253 i 4500 001 000000172549 003 CaOOAMICUS 005 20080617000000.0 008 080617s1964 it u000 u ita u 013 $a149991 040 $aSeMil$bita 100 1 $aPoggioli, Renato.$0(OLS)http://semarc/name/20251 240 14$aThe poets of Russia, 1890-1930.$0(OLS)http://semarc/title/247117 245 12$aI lirici russi, 1890-1930 :$bpanorama storico-critico /$cRenato Poggioli. 260 $aMilano :$bLerici,$ccopyr. 1964. 300 $a433 p. ;$c22 cm. 490 0 $aPoeti Europei. Saggi e Prose ;$v2 500 $aContiene : Bibliografia. 650 4$aPoesia russa - Sec. 20. - Testi.$0(OLS)http://semarc/subject/8645 830 0$aPoeti europei ;$v2.$0(OLS)http://semarc/title/13819 850 $aSeMil 852 $aSeMil$W1$xVenegono$y1$m1W V 72$j123404$B123404$CSeMilBibl$Z2$F134561 $81 996 $6245$aI lirici russi, 1890-1930 :$bpanorama storico-critico$9(OLS)http://semarc/title/247116 996 $6260$aMilano :$bLerici$9(OLS)http://semarc/publisher/32725 LEADER 00405nab a2200133 i 4500 001 000000312313 003 CaOOAMICUS 005 20180831173049.0 008 180831n xx uu u0 0und r 013 $a21405 040 $aSeMil$bita 245 10$aCulto (Il) di Costantino in Palermo. 773 0 $t[Settembre-Dicembre].$g275-276$w()274207 996 $6245$aCulto (Il) di Costantino in Palermo$9(OLS)http://semarc/title/386759